Mozgás és mozgásfejlesztés az óvodában
Az óvodai nevelés országos alapprogramja több ponton említi a korosztály sokoldalú, harmonikus személyiségfejlesztését, az egyéni készségek és képességek kibontakoztatását, a testi képességek alakítását, az életkornak megfelelő, sokszínű tevékenységek szükségességét, az egészséges életmód kialakítás...
Elmentve itt :
| Szerző: | |
|---|---|
| Dokumentumtípus: | Cikk |
| Megjelent: |
Szegedi Tudományegyetem Juhász Gyula Pedagógusképző Kar
Szeged
2022
|
| Sorozat: | Módszertani közlemények
62 No. 2 |
| Kulcsszavak: | Mozgásfejlesztés - óvodai, Óvodai nevelés |
| Tárgyszavak: | |
| Online Access: | http://acta.bibl.u-szeged.hu/77963 |
| LEADER | 01681nab a2200217 i 4500 | ||
|---|---|---|---|
| 001 | acta77963 | ||
| 005 | 20221219154121.0 | ||
| 008 | 221219s2022 hu o 0|| hun d | ||
| 022 | |a 2063-3734 | ||
| 040 | |a SZTE Egyetemi Kiadványok Repozitórium |b hun | ||
| 041 | |a hun | ||
| 100 | 1 | |a Wolf Katalin | |
| 245 | 1 | 0 | |a Mozgás és mozgásfejlesztés az óvodában |h [elektronikus dokumentum] / |c Wolf Katalin |
| 260 | |a Szegedi Tudományegyetem Juhász Gyula Pedagógusképző Kar |b Szeged |c 2022 | ||
| 300 | |a 96-102 | ||
| 490 | 0 | |a Módszertani közlemények |v 62 No. 2 | |
| 520 | 3 | |a Az óvodai nevelés országos alapprogramja több ponton említi a korosztály sokoldalú, harmonikus személyiségfejlesztését, az egyéni készségek és képességek kibontakoztatását, a testi képességek alakítását, az életkornak megfelelő, sokszínű tevékenységek szükségességét, az egészséges életmód kialakítását. Ebben az írásban az óvodai élet tevékenységformái közül a mozgás kerül a középpontba: annak struktúrája, az óvodai testnevelés mozgásrendszeréből vett gyakorlatok játékos megvalósítási lehetőségei, valamint az ismeretközlés módszerei. Végül a mozgásos játékokról írok, amelyek az óvodai testnevelés mozgásrendszerének és mindennapi munkámnak is szerves része. Gyakorlati példákon keresztül mutatom be az óvodai mozgástevékenység változatos, gyermekközpontú megoldási lehetőségeit. | |
| 650 | 4 | |a Társadalomtudományok | |
| 650 | 4 | |a Oktatástudomány | |
| 695 | |a Mozgásfejlesztés - óvodai, Óvodai nevelés | ||
| 856 | 4 | 0 | |u http://acta.bibl.u-szeged.hu/77963/1/modszertani_2022_002_096-102.pdf |z Dokumentum-elérés |